| Tag |
First Indicator |
Second Indicator |
Subfields |
| LEADER |
00000nam a22000001i 4500 |
| 001 |
in00005642621 |
| 003 |
OCoLC |
| 005 |
20240930091721.9 |
| 006 |
m |o d | |
| 007 |
cr |n||||||||| |
| 008 |
240930s2024 oku ob 001 0 eng d |
| 024 |
8 |
|
|a 90101601358
|
| 035 |
|
|
|a (OCoLC)1456764810
|
| 040 |
|
|
|a NhCcYBP
|b eng
|e rda
|e pn
|c NhCcYBP
|
| 020 |
|
|
|a 9780806195049 (electronic bk.)
|
| 020 |
|
|
|a 0806195045 (electronic bk.)
|
| 020 |
|
|
|z 9780806194653
|
| 020 |
|
|
|z 0806194650
|
| 043 |
|
|
|a n-us---
|
| 050 |
|
4 |
|a D769.3 10th
|b .B59 2024
|
| 082 |
0 |
4 |
|a 940.54/1273
|2 23/eng/20240301
|
| 100 |
1 |
|
|a Blyth, Lance R.,
|d 1966-
|e author.
|
| 245 |
1 |
0 |
|a Ski, climb, fight :
|b the 10th Mountain Division and the rise of mountain warfare /
|c Lance R. Blyth.
|
| 246 |
3 |
0 |
|a 10th Mountain Division and the rise of mountain warfare
|
| 264 |
|
1 |
|a Norman :
|b University of Oklahoma Press,
|c [2024]
|
| 300 |
|
|
|a 1 online resource (pages cm.) :
|
| 336 |
|
|
|a text
|b txt
|2 rdacontent
|
| 337 |
|
|
|a computer
|b c
|2 rdamedia
|
| 338 |
|
|
|a online resource
|b cr
|2 rdacarrier
|
| 490 |
0 |
|
|a Campaigns and commanders;
|v vol 77
|
| 504 |
|
|
|a Includes bibliographical references and index.
|
| 505 |
0 |
|
|a Mountain Warfare, 1940-1941 -- Mountain Troops, 1942 -- Mountain Training, 1943: Snow and Ice -- Mountain Training, 1943: Rock and Alpine -- Mountain Maneuvers, 1944 -- Mountain Operations, 1945 -- Cold War Mountain Warfare, 1946-1970 -- Mountain Warfare Returns, 1970-1990 -- Mountain Warfare Renaissance, 1990-2020.
|
| 588 |
|
|
|a Description based on print version record.
|
| 610 |
1 |
0 |
|a United States.
|b Army.
|b Mountain Division, 10th
|x History.
|
| 650 |
|
0 |
|a World War, 1939-1945
|x Mountain warfare.
|
| 650 |
|
0 |
|a World War, 1939-1945
|x Regimental histories
|z United States.
|
| 650 |
|
0 |
|a Mountain warfare
|x History.
|
| 650 |
|
6 |
|a Guerre mondiale, 1939-1945
|x Guerre en montagne.
|0 (CaQQLa)000267060
|
| 650 |
|
6 |
|a Guerre mondiale, 1939-1945
|0 (CaQQLa)201-0056834
|x Histoire des unités
|0 (CaQQLa)201-0056834
|z États-Unis.
|0 (CaQQLa)201-0407727
|
| 655 |
|
7 |
|a Electronic books.
|2 local
|
| 710 |
2 |
|
|a EBSCOhost
|
| 776 |
1 |
8 |
|c Original
|z 9780806194653
|z 0806194650
|w (DLC) 2024009749
|w (OCoLC)1424749239
|
| 856 |
4 |
0 |
|u http://proxy.library.tamu.edu/login?url=https://search.ebscohost.com/login.aspx?direct=true&scope=site&db=nlebk&db=nlabk&AN=3852674
|z Connect to the full text of this electronic book
|t 0
|
| 945 |
|
|
|b 377859
|
| 955 |
|
|
|a YBP purchased EBSCO DDA e-records
|
| 980 |
|
|
|b ebook
|c 90101601358
|f NONFIC/S
|g 565702
|k USD
|m 32.52
|q 1
|s AcqMono Conventional
|t Demand driven acquisitions (DDA)
|u Vendor order reference number
|v ZYBP
|y PDA
|z Electronic resource
|
| 999 |
f |
f |
|i c96b7d3b-cc4a-45a2-bd88-e0c815d75fee
|s 4b500b00-79b8-40f9-b425-fcbbece452bb
|t 0
|
| 952 |
f |
f |
|a Texas A&M University
|b College Station
|c Electronic Resources
|s www_evans
|d Available Online
|t 0
|e D769.3 10th .B59 2024
|h Library of Congress classification
|